000 00605nam a2200205 i 4500
001 55243
003 ES-MaACL
005 20230906163116.0
007 t|
008 030916q1946 pr ||||1| spa d
080 _a86.0(729.5)-14"19"
100 1 _aDemar, Carmen.
_943620
245 1 0 _aAlas plegadas /
_cCarmen Demar.
260 _a[San Juan, Puerto Rico :
_bs.n..,
_c1946?] (
_fCasa Baldrich)
300 _a212 p. ;
_c19 cm.
490 1 _aBiblioteca de autores puertorriqueños
830 1 _aBiblioteca de autores puertorriqueños
_9181221
852 _aES-MaACL
_jE-2240
999 _c55243
_d55243